| 000 | 01058nam a2200181Ia 4500 | ||
|---|---|---|---|
| 008 | 100920s9999 xx 000 0 und d | ||
| 082 |
_b63229 _a61 थ 61 |
||
| 100 | _aआनंदयात्री. | ||
| 245 | _aसांस्कृतिक भारत दर्शन 1 जागृत जगन्नाथ श्रीक्षेत्र जगन्नाथपुरी. | ||
| 260 |
_bवोरा ऍण्ड कंपनी पब्लिशर्स प्रा. लि., मंुबई 2. _c1961 |
||
| 300 |
_a35 _bसाधी |
||
| 365 | _b0.8 | ||
| 520 | _aस्थानिक वाचन. | ||
| 630 | _aसांस्कृतिक भारत दर्शन 1 जागृत जगन्नाथ श्रीक्षेत्र जगन्नाथपुरी. | ||
| 650 | _aस्थानिक वाचन. | ||
| 730 | _aसांस्कृतिक भारत दर्शन 1 जागृत जगन्नाथ श्रीक्षेत्र जगन्नाथपुरी. | ||
| 942 | _cBOOK | ||
| 999 |
_c706311 _d706308 |
||